000 01354nam0a2200349 4500
001 RU\NLR\BIBL_A\010911184
005 201512110508
010 _a978-5-87107-934-8
021 _aRU
_b2015-86129
_95275
035 _a(NLR Aleph) 010911184
035 _a(NILC)RuMoRGB-008063106
090 _a10630967
_c10630967
100 _a20151124d2015 u y0rusy50 ca
101 0 _arus
102 _aRU
105 _a |||z|||000yb
200 1 _aПрезидент Российской Федерации Борис Николаевич Ельцин, 12 февраля 1931 - 23 апреля 2007
_fРудольф Пихоя
210 _aМосква
_cКомсомольская правда
_d2015
215 _a95 с.
_cцв. ил., портр.
_d25
225 1 _aПравители России
600 1 _aЕльцин
_bБ.Н.
_gБорис Николаевич
_f1931 - 2007
_2nlr_sh1
_2nlr_sh2
_3RU\NLR\AUTH\66324895
675 _a94(47)
686 1 _aТ3(2)74-8
686 1 _aФ3(2)8
700 1 _aПихоя
_bР. Г.
_f1947-
_gРудольф Германович
_3RU\NLR\AUTH\77101837
702 1 _aЕльцин
_bБ. Н.
_f1931-2007
_gБорис Николаевич
_3RU\NLR\AUTH\7715990
_4570
801 0 _aRU
_bРГБ
_c20151106
_gRCR
942 _cBOOK
980 _aNBR
980 _aNB